000 02760nam a2200277 i 4500
003 CSPC
005 20251022151255.0
008 251022s2020 nyua b 001 0 eng d
020 _a9781984638434
040 _aCSPC
_beng
_cCSPC
_erda
050 4 _aTK454
082 0 4 _a621.3815
_bF962
245 0 0 _aFundamentals of electrical circuits.
264 1 _aNew York :
_b3G E-Learning,
_c2020.
300 _axiv, 281 pages :
_bcolor illustrations ;
_c26 cm.
336 _2rdacontent
_atext
337 _2rdamedia
_aunmediated
338 _2rdacarrier
_avolume
504 _aIncludes bibliographical references and index.
505 0 _aCircuit topologies and DC excitation -- Transient response -- AC response and polyphase circuit -- Operational amplifiers -- Capacitors and inductors -- Magnetic circuits -- Electrical distribution system.
520 _a"Electrical circuit is an interconnection of electrical components. An electrical circuit can be defined as a path or line through which an electrical current flows. The path may be closed (joined at both ends), making it a loop. An electrical circuit consists of batteries, resistors, inductors, capacitors, switches or transistors. An electrical network consists of a closed loop. A circuit is a closed path where electrons flow in a wire. As long as the copper wire is allowed to itself, the electrons drift between the atoms but never leave the copper. The fundamental knowledge and skills of the basic electrical circuits always work as a strong foundation for technically sound experience. Students can also become vigorously familiar with these basic circuits particularly with hands-on experience. The basic circuit thus helps a learn-er to gai understanding of the basic components and circuit's characteristics while it is in operation. This book gives fundamental concepts about two types of electric circuits: AC and DC circuits. Depending on the type of source, electricity varies as Alternating Current (AC) and Direct Current(DC). The book contains seven chapters and offers comprehensive knowledge about the basic electrical circuits. This book is intended to provide an introduction in the field of electrical engineering to the fundamental concepts in the sub-area of electrical circuits. The book introduces fundamental properties and methods for analysis of direct current (DC) electric circuits including components such as resistors, capacitors, inductors, operational amplifiers, switches, and ideal and dependent voltage and current sources." -- Back cover
650 0 _aElectric circuits.
710 1 _a3G E-Learning.
942 _2ddc
_n0
_cBK
_h621.3815
_iF962
_kENG
_m2020
999 _c30784
_d30784